Reliez le bon pays à la ville - Statistiques

Statistiques générales
  • Ce quiz a été pris 3 406 fois
  • Le résultat moyen est 9 sur 16
Statistiques - réponses
Hint Réponse % Correct
Bruges Belgique
94%
Hải Phòng Vietnam
81%
Fukuoka Japon
80%
Djeddah Arabie Saoudite
78%
Mannheim Allemagne
74%
San Pedro Sula Honduras
74%
Suez Égypte
73%
Cuzco Pérou
73%
Pescara Italie
44%
Ibadan Nigeria
40%
Goma R.D Congo
40%
Ostrava République tchèque
40%
Pärnu Estonie
39%
Bois-le-Duc Pays-Bas
39%
Subotica Serbie
31%
Ningbo Chine
15%
Aucun quiz correspondant
Distribution des résultats
% des personnes avec chaque résultat
Percentile par nombre de réponses
Votre historique - résultats
Vous n’avez pas pris ce quiz